| 000 | 00528nam a2200205Ia 4500 | ||
|---|---|---|---|
| 999 |
_c9281 _d9281 |
||
| 003 | 0100 | ||
| 005 | 20170920113614.0 | ||
| 008 | 130303s9999 xx 000 0 und d | ||
| 020 | _a871964805 | ||
| 040 | _cARRUPELIB | ||
| 050 | _aG2446.S1M3 1980 | ||
| 100 |
_aMcEvedy, Colin _924447 |
||
| 245 | 4 | _aThe Penguin atlas of African history | |
| 260 | _aNew York | ||
| 260 |
_bPenguin Books _c1980 |
||
| 300 | _a142p. | ||
| 300 | _b 22 cm | ||
| 650 |
_aAfrica _xHistorical geography _xMaps _924448 |
||
| 942 | 0 | 0 |
_01 _2lcc _cMONOGRAPH |